| 000 | 00842cab a2200277 4500 | ||
|---|---|---|---|
| 001 | ABS58225 | ||
| 008 | 090401t1997 xxu||||| |||| 00| 0 eng d | ||
| 035 | _a(Sirsi) u83324 | ||
| 041 | _aeng | ||
| 245 | _aAlternative land use | ||
| 260 | _c1997 | ||
| 350 | _a0 | ||
| 490 |
_aFarm Development Review _v12(1) November 1997 (8) |
||
| 520 | _aConsiders farm diversification and profitability, looking at course fisheries, corn mazes, support for organic farming, farm holiday initiatives, tourism and regional food shows. (LOAN). | ||
| 650 | _aCOARSE FISHERIES | ||
| 650 | _aCORN MAZES | ||
| 650 | _aFARM BUSINESSES | ||
| 650 | _aFARM DIVERSIFICATION | ||
| 650 | _aFARM HOLIDAYS | ||
| 650 | _aFOOD SHOWS | ||
| 650 | _aORGANIC FARMING | ||
| 650 | _aTOURISM | ||
| 690 | _aRURAL PRACTICE | ||
| 942 | _n0 | ||
| 948 | _c27/01/1998 | ||
| 999 |
_c52617 _d52617 |
||